000 01398aam a2200385 4500
005 20250819161658.0
008 150325b xxu||||| |||| 00| 0 spa d
020 _a8475773516
041 _aESP
082 _a658.409.2 SE476q
100 _aSenge, Peter
_922318
245 _aLa quinta disciplina: el arte y la práctica de la organización abierta al aprendizaje
260 _aEspaña
260 _bEdiciones Granica
260 _c1992
300 _a490 páginas
490 _aDirección y Administración de empresas
505 _aParte I. Nuestros actos crean la realidad y pueden cambiarla. Parte II. La quinta disciplina, piedra angular de la organización inteligente. Parte III. Las disciplinas centrales: construyendo la organización inteligente. Parte IV. Prototipos Parte V. CODA
650 _aLIDERAZGO EJECUTIVO
650 _aADMINISTRACIÓN DE EMPRESAS
650 _aPROBLEMAS DE APRENDIZAJE
650 _aLEYES DE LA QUINTA DISCIPLINAS
650 _aORGANIZACIONES INTELIGENTES
650 _aMODELOS MENTALES
650 _aVISIÓN COMPARTIDA
650 _aDOMINIO PERSONAL
650 _aAPRENDIZAJE EN EQUIPO
650 _aMICROMUNDOS
650 _aLA TECNOLOGÍA DE LA ORGANIZACIÓN INTELIGENTE
650 _aLA NUEVA FUNCIÓN DEL LÍDER
650 _aTRABAJO EN EQUIPO
650 _aTECNOLOGÍA
650 _aLIDER
942 _cLIT
_2ddc
999 _c1017
_d1017